|
|
|
|
| LEADER |
01307cam a2200349 a 4500 |
| 001 |
c000397448 |
| 003 |
CARM |
| 005 |
20140610123447.0 |
| 008 |
140610s1992 maua 001 0 eng d |
| 010 |
|
|
|a 92008928
|
| 019 |
1 |
|
|a 8977439
|5 LACONCORD2021
|
| 020 |
|
|
|a 0890065519 (hbk.)
|
| 035 |
|
|
|a (OCoLC)25508716
|5 LACONCORD2021
|
| 040 |
|
|
|a LC
|b eng
|c LC
|d LC
|
| 050 |
0 |
0 |
|a TK5101
|b .S434 1992
|
| 082 |
0 |
4 |
|a 621.382
|2 20
|
| 100 |
1 |
|
|a Sexton, Mike.
|
| 245 |
1 |
0 |
|a Transmission networking :
|b SONET and the synchronous digital hierarchy /
|c Mike Sexton, Andy Reid.
|
| 260 |
|
|
|a Boston, Mass. :
|b Artech House,
|c c1992.
|
| 300 |
|
|
|a x, 360 p. :
|b ill. ;
|c 24 cm.
|
| 490 |
1 |
|
|a Artech House telecommunications library
|
| 500 |
|
|
|a Includes index.
|
| 650 |
|
0 |
|a Telecommunication systems.
|
| 650 |
|
0 |
|a Synchronous digital hierarchy (Data transmission)
|
| 650 |
|
0 |
|a SONET (Data transmission)
|
| 700 |
1 |
|
|a Reid, Andy,
|d 1961-
|
| 852 |
8 |
|
|b CARM
|p 0603539
|f BK
|
| 852 |
8 |
|
|b SCAN
|h A3:AH14F0
|i C13017
|p 0603539
|f BK
|
| 830 |
|
0 |
|a Artech House telecommunications library
|
| 999 |
f |
f |
|i e35cef4a-a280-5668-a43b-e12a5ab1b126
|s 81e0b46d-0577-544c-9bf3-3698afb823d9
|
| 952 |
f |
f |
|p Can circulate
|a CAVAL
|b CAVAL
|c CAVAL
|d CARM 1 Store
|i book
|m 0603539
|
| 952 |
f |
f |
|a CAVAL
|b CAVAL
|c CAVAL
|d Unmapped Location
|e C13017
|f A3:AH14F0
|h Other scheme
|